[Event "Paris Apsap op 71st"]
[Site "Paris"]
[Date "2004.04.25"]
[Round "9"]
[White "Farnolle, Rudy"]
[Black "El Shiati, Ibrahim"]
[Result "1-0"]
[WhiteElo "1610"]
[BlackElo "1928"]
[PlyCount "35"]
[EventDate "2004.04.19"]
[EventType "swiss"]
[EventRounds "7"]
[EventCountry "FRA"]
[SourceTitle "CBM 100 Extra"]
[Source "ChessBase"]
[SourceDate "2004.07.06"]
[SourceVersion "2"]
[SourceVersionDate "2004.07.06"]
[SourceQuality "1"]

1. d4 d5 2. c4 c6 3. Nf3 Nf6 4. Nc3 a6 5. e3 b5 6. cxd5 cxd5 7. Bd3 Bg4 8. 0-0 e6 9. Bd2 Bd6 10. Re1 Qc7 11. h3 h5 12. Rc1 Bxf3 13. Qxf3 Qe7 14. e4 dxe4 15. Nxe4 Bh2+ 16. Kh1 Ng4 17. Rc8+ Kd7 18. Rxh8 1-0

[Event "Paris Apsap op 71st"]
[Site "Paris"]
[Date "2004.04.21"]
[Round "4"]
[White "Vlahovic, Dimitri"]
[Black "Farnolle, Rudy"]
[Result "1-0"]
[WhiteElo "1898"]
[BlackElo "1610"]
[PlyCount "33"]
[EventDate "2004.04.19"]
[EventType "swiss"]
[EventRounds "7"]
[EventCountry "FRA"]
[SourceTitle "CBM 100 Extra"]
[Source "ChessBase"]
[SourceDate "2004.07.06"]
[SourceVersion "2"]
[SourceVersionDate "2004.07.06"]
[SourceQuality "1"]

1. e4 e6 2. d4 d5 3. Nc3 Nf6 4. Bg5 dxe4 5. Bxf6 Qxf6 6. Nxe4 Qd8 7. Bd3 Be7 8. Nf3 0-0 9. 0-0 Nd7 10. c3 h6 11. Rc1 c5 12. Bb1 cxd4 13. Nxd4 Qc7 14. Qc2 Qe5 15. Rfe1 g6 16. Ng3 Qd5 17. Nxe6 1-0